Australia by Letter - G - Statistics

General Stats
  • This quiz has been taken 19 times
  • The average score is 7 of 10
Answer Stats
Hint Answer % Correct
Queensland's 2nd-largest city, famous for its beaches and theme parks Gold Coast
94%
The word that these iconic Australian locations share: _____ Ocean Road, _____ Barrier Reef Great
94%
Stereotypical Australian greeting G'day
88%
Victoria's 2nd-largest city, a port city home of the Cats football team Geelong
76%
What the Brisbane Cricket Ground is better known as Gabba
71%
The first of these in Australia started in Victoria in 1851 Gold Rush
71%
The word that these place names share: ____ Waverley, ____ Eira, ____ Innes, ____rowan Glen
65%
Pink and grey parrot species Galah
59%
"Give me a home among the ___ _____, with lots of plum trees" Gum Trees
53%
Common name of the monitor lizard, derived from the word "iguana" Goanna
47%
No matching quizzes found
Score Distribution
Percent of People with Each Score
Percentile by Number Answered
Your Score History
You have not taken this quiz